ARS/ (Record no. 3426)

MARC details
000 -LEADER
campo de control de longitud fija 01182nam a22003257a 4500
003 - IDENTIFICADOR DE NÚMERO DE CONTROL
campo de control OSt
005 - FECHA Y HORA DE LA ÚLTIMA TRANSACCIÓN
campo de control 20230421121522.0
008 - DATOS DE LONGITUD FIJA--INFORMACIÓN GENERAL
campo de control de longitud fija 221006b |||||||| |||| 00| 0 eng d
040 ## - FUENTE DE CATALOGACIÓN
Centro/agencia transcriptor Biblioteca Lado V
082 ## - NÚMERO DE LA CLASIFICACIÓN DECIMAL DEWEY
Número de clasificación 707
Número de ítem L747a
100 ## - ENTRADA PRINCIPAL--NOMBRE DE PERSONA
Término indicativo de función/relación editor
9 (RLIN) 805
Nombre de persona Lindo, Ricardo
245 ## - MENCIÓN DEL TÍTULO
Título ARS/
Resto del título Revista de la Dirección Nacional de Artes, CONCULTURA, Ministerio de Educación. San Salvador, El Salvador, C.A./
260 ## - PUBLICACIÓN, DISTRIBUCIÓN, ETC.
Nombre del editor, distribuidor, etc. Consejo Nacional para la Cultura y el Arte
-- Ministerio de Educación San Salvador
Fecha de publicación, distribución, etc. 1997
Lugar de publicación, distribución, etc. San Salvador
300 ## - DESCRIPCIÓN FÍSICA
Dimensiones 22x28cm
Extensión 179p.
490 ## - MENCIÓN DE SERIE
Mención de serie 10-11
Designación de volumen o secuencia 1997
505 ## - NOTA DE CONTENIDO CON FORMATO
Nota de contenido con formato Editorial
505 ## - NOTA DE CONTENIDO CON FORMATO
Nota de contenido con formato Ars Poetica En El Salvador
505 ## - NOTA DE CONTENIDO CON FORMATO
Nota de contenido con formato Palabras de Agradecimiento
505 ## - NOTA DE CONTENIDO CON FORMATO
Nota de contenido con formato El Poeta
505 ## - NOTA DE CONTENIDO CON FORMATO
Nota de contenido con formato El Poema
505 ## - NOTA DE CONTENIDO CON FORMATO
Nota de contenido con formato La Poesia
505 ## - NOTA DE CONTENIDO CON FORMATO
Nota de contenido con formato La Palabra
505 ## - NOTA DE CONTENIDO CON FORMATO
Nota de contenido con formato ANTOLOGIA
650 ## - PUNTO DE ACCESO ADICIONAL DE MATERIA--TÉRMINO DE MATERIA
Fuente del encabezamiento o término Tesauro de Arte & Arquitectura
Término de materia o nombre geográfico como elemento de entrada ARTE
9 (RLIN) 703
650 ## - PUNTO DE ACCESO ADICIONAL DE MATERIA--TÉRMINO DE MATERIA
Fuente del encabezamiento o término Tesauro de Arte & Arquitectura
Término de materia o nombre geográfico como elemento de entrada POESIA
650 ## - PUNTO DE ACCESO ADICIONAL DE MATERIA--TÉRMINO DE MATERIA
Fuente del encabezamiento o término Tesauro de Arte & Arquitectura
Término de materia o nombre geográfico como elemento de entrada LITERATURA
650 ## - PUNTO DE ACCESO ADICIONAL DE MATERIA--TÉRMINO DE MATERIA
Fuente del encabezamiento o término Tesauro de Arte & Arquitectura
Término de materia o nombre geográfico como elemento de entrada ARTE CONTEMPORANEO
650 ## - PUNTO DE ACCESO ADICIONAL DE MATERIA--TÉRMINO DE MATERIA
Fuente del encabezamiento o término Tesauro de Arte & Arquitectura
Término de materia o nombre geográfico como elemento de entrada MUJERES ARTISTAS
942 ## - ELEMENTOS DE ENTRADA SECUNDARIOS (KOHA)
Fuente del sistema de clasificación o colocación Clasificación Decimal Dewey
Tipo de ítem Koha Libros
Parte de la signatura que corresponde a la clasificación (Parte de la clasificación) 707
Parte de la signatura que identifica el ejemplar (Parte del ítem) L747a
Suprimir en OPAC No
Holdings
Estatus retirado Estado de pérdida Fuente del sistema de clasificación o colocación Especificación de materiales (volumen encuadernado u otra parte) Estado de daño No para préstamo Colección Biblioteca de origen Biblioteca actual Fecha de adquisición Enumeración/cronología de publicación seriada Número de inventario Total de préstamos Signatura topográfica completa Código de barras Visto por última vez Precio de reemplazo Tipo de ítem Koha
    Clasificación Decimal Dewey 1997     Revistas Biblioteca LadoV Biblioteca LadoV 21/04/2023 10-11 002428   707 L747a 002428 21/04/2023 21/04/2023 Libros